000171166 001__ 171166
000171166 005__ 20260515163945.0
000171166 0247_ $$2doi$$a10.1016/j.ijid.2026.108571
000171166 0248_ $$2sideral$$a149254
000171166 037__ $$aART-2026-149254
000171166 041__ $$aeng
000171166 100__ $$aGoletti, Delia
000171166 245__ $$aWorld TB Day 2026: Scientific innovation across the tuberculosis continuum must now translate into global impact
000171166 260__ $$c2026
000171166 5060_ $$aAccess copy available to the general public$$fUnrestricted
000171166 540__ $$9info:eu-repo/semantics/openAccess$$aby-nc-nd$$uhttps://creativecommons.org/licenses/by-nc-nd/4.0/deed.es
000171166 655_4 $$ainfo:eu-repo/semantics/other$$vinfo:eu-repo/semantics/publishedVersion
000171166 700__ $$aAndrade, Bruno Bezerril
000171166 700__ $$aEsmail, Hanif
000171166 700__ $$aFriedland, Jon S.
000171166 700__ $$0(orcid)0000-0003-2993-5478$$aMartin, Carlos$$uUniversidad de Zaragoza
000171166 700__ $$aNg, Deborah Hee Ling
000171166 700__ $$aMigliori, Giovanni Battista
000171166 700__ $$aOng, Catherine WM
000171166 700__ $$aZumla, Alimuddin
000171166 700__ $$aPetersen, Eskild
000171166 7102_ $$11011$$2630$$aUniversidad de Zaragoza$$bDpto. Microb.Ped.Radio.Sal.Pú.$$cÁrea Microbiología
000171166 773__ $$g167 (2026), 108571$$pInt. j. infect. dis.$$tINTERNATIONAL JOURNAL OF INFECTIOUS DISEASES$$x1201-9712
000171166 8564_ $$s628498$$uhttps://zaguan.unizar.es/record/171166/files/texto_completo.pdf$$yVersión publicada
000171166 8564_ $$s3477516$$uhttps://zaguan.unizar.es/record/171166/files/texto_completo.jpg?subformat=icon$$xicon$$yVersión publicada
000171166 909CO $$ooai:zaguan.unizar.es:171166$$particulos$$pdriver
000171166 951__ $$a2026-05-15-14:54:15
000171166 980__ $$aARTICLE